UBT Library

Mary Cassatt / (Record no. 43726)

000 -LEADER
fixed length control field 00579cam a2200217 i 4500
001 - CONTROL NUMBER
control field 3210338
005 - DATE AND TIME OF LATEST TRANSACTION
control field 20180228090343.0
008 - FIXED-LENGTH DATA ELEMENTS--GENERAL INFORMATION
fixed length control field 781012s1979 nyua 000 0beng
010 ## - LIBRARY OF CONGRESS CONTROL NUMBER
LC control number 78021706
020 ## - INTERNATIONAL STANDARD BOOK NUMBER
International Standard Book Number 0517537400
040 ## - CATALOGING SOURCE
Original cataloging agency DLC
Transcribing agency DLC
Modifying agency DLC
041 1# - LANGUAGE CODE
Language code of text/sound track or separate title eng
080 ## - UNIVERSAL DECIMAL CLASSIFICATION NUMBER
Universal Decimal Classification number 759.13 JAY
082 00 - DEWEY DECIMAL CLASSIFICATION NUMBER
Classification number 759.13 JAY
-- B
100 1# - Rafti
Rafti 42
101 ## - Shkurtesa
Shkurtesa ART
240 10 - UNIFORM TITLE
Uniform title <a href="Cassatt.">Cassatt.</a>
Language of a work English
245 10 - TITLE STATEMENT
Title Mary Cassatt /
Statement of responsibility, etc by Jay Roudebush ; [translated from the French by Alice Sachs].
906 ## - LOCAL DATA ELEMENT F, LDF (RLIN)
a 7
b cbc
c orignew
d 1
e ocip
f 19
g y-gencatlg
942 ## - ADDED ENTRY ELEMENTS (KOHA)
Source of classification or shelving scheme
Item type Books
Holdings
Withdrawn status Lost status Source of classification or shelving scheme Damaged status Not for loan Collection code Permanent location Current location Shelving location Date acquired Total Checkouts Full call number Barcode Date last seen Price effective from Koha item type
          Koleksioni i përgjithshem UBT - Lipjan UBT - Lipjan Koleksioni i përgjithshem 02/28/2018   759.13 JAY 002-3000352 02/28/2018 02/28/2018 Books
UBT Library © 2015-2024. All rights reserved University Education for Business and Technology